Dlhodobý majetok podniku v účtovnej závierke zostavenej podľa IFRS diplomová práca

Salvato in:
Dettagli Bibliografici
Autore principale: Košlabová, Nikola
Ente Autore: Podnikovohospodárska fakulta EU so sídlom v Košiciach. Katedra finančného riadenia podniku
Altri autori: Manová, Eva, 1957-
Natura: Libro
Lingua:slovacco
Pubblicazione: Košice 2017
Tags: Aggiungi Tag
Nessun Tag, puoi essere il primo ad aggiungerne!!

MARC

LEADER 00000nbm a2200000 4500
001 0231525
005 20171121100814.3
041 0 |a slo 
044 |a SK 
245 1 0 |a Dlhodobý majetok podniku v účtovnej závierke zostavenej podľa IFRS  |b diplomová práca  |c Nikola Košlabová ; školiteľ: Eva Manová 
264 1 |a Košice  |c 2017 
300 |a 68 s. 
100 1 |a Košlabová, Nikola 
700 1 |a Manová, Eva, 1957- 
710 2 |a Podnikovohospodárska fakulta EU so sídlom v Košiciach. Katedra finančného riadenia podniku